Statystyki dla Stany USA wysunięte najbardziej na zachód

Kliknij tutaj aby rozwiązać quiz!

Ogólne statystyki

  • Ten quiz został rozwiązany 80 razy
  • Średni wynik to 8 z 10

Statystyki odpowiedzi

Długość
geograficzna
Stan% Poprawnych
124.4 °WKalifornia
96%
124.8 °WWaszyngton
95%
179.1 °WAlaska
91%
120.0 °WNevada
83%
124.6 °WOregon
83%
178.3 °WHawaje
82%
117.2 °WIdaho
78%
114.8 °WArizona
73%
116.0 °WMontana
73%
114.0 °WUtah
73%

Rozkład punktacji

Percentyl według liczby udzielonych odpowiedzi

Procent ludzi z każdym wynikiem

Twoja historia wyników

Nie rozwiązałeś tego quizu